Finanční analýza v praxi malých a středních podniků v České republice

Finančná analýza ako základný prvok finančného riadenia. Prínos finančnej analýzy pre firmu. Uplatnenie metód finančnej analýzy. Metódy doporučené pre malé a stredné podniky.

Guardado en:
Detalles Bibliográficos
Autor principal: Rezková, Jiřina
Formato: Capítulo de libro
Lenguaje:checo
Materias:
Etiquetas: Agregar Etiqueta
Sin Etiquetas, Sea el primero en etiquetar este registro!

MARC

LEADER 00000naa a2200000 4500
001 r022027
005 20230913080720.6
041 0 |a cze 
044 |a CZ 
245 1 0 |a Finanční analýza v praxi malých a středních podniků v České republice  |c Jiřina Rezková 
520 |a Finančná analýza ako základný prvok finančného riadenia. Prínos finančnej analýzy pre firmu. Uplatnenie metód finančnej analýzy. Metódy doporučené pre malé a stredné podniky. 
610 2 0 |a analýza finančná 
610 2 0 |a podnik malý 
610 2 0 |a podnik stredný 
610 2 0 |a manažment finančný 
610 2 0 |a Česko 
100 1 |a Rezková, Jiřina